[Event "Tilburg Fontys"]
[Site "Tilburg"]
[Date "1996.10.22"]
[Round "10"]
[White "Piket, Jeroen"]
[Black "Shirov, Alexei"]
[Result "1-0"]
[WhiteElo "2580"]
[BlackElo "2685"]
[Annotator "Ftacnik,L"]
[PlyCount "83"]
[EventDate "1996.10.11"]
[EventType "tourn"]
[EventRounds "11"]
[EventCountry "NED"]
[EventCategory "16"]
[SourceTitle "CBM 056"]
[Source "ChessBase"]
[SourceDate "1997.02.01"]
[SourceVersion "1"]
[SourceVersionDate "1997.02.01"]
[SourceQuality "1"]

1. d4 {Lutz Rogozenko} d5 2. c4 c6 3. Nc3 Nf6 4. e3 e6 5. Nf3 Nbd7 6. Bd3 dxc4
7. Bxc4 b5 8. Bd3 a6 9. e4 c5 10. d5 Qc7 11. O-O c4 12. dxe6 fxe6 13. Bc2 Bc5 {
Rogozenko: In a high level tournaments this move wasn`t played very often.
More popular is 13. ... Bb7, with many fighting resources for both sides.} 14.
Qe2 Ne5 (14... Ng4 15. h3 Nge5 16. Nxe5 Nxe5 17. Kh1 {/\ f4, e5+/=}) 15. Nxe5 (
15. Bf4 {Rogozenko} Nxf3+ 16. Qxf3 e5 17. Bg5 O-O 18. Bxf6 gxf6 19. a4 Rb8 $1
20. axb5 axb5 21. Nd5 Qg7 22. b3 Bg4 23. Qg3 f5 24. exf5 Bxf5 $15 {
Kraai-Rogozenko/Binz/95.}) 15... Qxe5 16. Kh1 {Rogozenko: After this Black is
forced to play a slightly inferior endgame.The alternative is 16.Be3.} (16. Be3
Bxe3 17. Qxe3 Ng4 18. Qh3 h5 19. Bd1 O-O 20. Bxg4 hxg4 21. Qxg4 b4 22. Na4 Ra7
23. Nb6 Rc7 {/\ c3-c2}) 16... O-O (16... Bb7 17. f4 Qh5 18. Qxh5+ Nxh5 19. e5
O-O-O 20. f5 (20. Be4 g6 21. Bxb7+ (21. a4 b4 22. Bxb7+ Kxb7 23. Ne4 Be7 24.
Be3 Ng7 25. Rac1 Nf5 26. Bc5 Bxc5 27. Nxc5+ Kb6 28. Nxe6 Rd2 {Izeta,F-Acosta,A/
Mondariz op/1994/1/2-1/2 (62)}) 21... Kxb7 22. Ne4 Be7 (22... Rd5 23. Bd2 Be7
24. a3 Rd4 25. Rfe1 Rhd8 26. Bb4 Bxb4 27. axb4 Nxf4 28. Nc5+ Kc8 29. Rf1 {
1-0 Ernst,T-Svensson,B/Gausdal TM (05)/1991 (41)}) 23. Be3 Rd5 24. g4 Ng7 25.
Kg2 Rc8 26. a3 Rd3 27. Bd2 Nf5 28. gxf5 gxf5 29. Bb4 Bxb4 30. Nf2 {Schandorff,
L-Hector,J/Copenhagen KS (08)/1996/1-0 (63)}) 20... Rd4 21. Re1 Rh4 22. Be3
Ng3+ 23. Kg1 Bxe3+ 24. Rxe3 Nxf5 25. Bxf5 exf5 26. Rd1 Rd8 27. Rd6 Rxd6 28.
exd6 Be4 29. g3 Rh6 30. Nxe4 fxe4 31. Rxe4 Rxd6 {0-1 Lukacs,P-Vera,R/
Cienfuegos Capablanca mem-B/1983 (39)}) (16... Bb7 $6 {Lutz 1-0 Schandorff,
L-Hector,J/Copenhagen KS 1996 (62)}) 17. f4 Qh5 (17... Qc7 $2 18. e5 Nd7 19.
Ne4 $16) 18. Qxh5 Nxh5 19. e5 (19. Bd1 Nf6 20. e5 Nd5 21. Bf3 Bb7 22. Ne4 (22.
Bd2 Rad8 23. Nxd5 Bxd5 24. Ba5 Rd7 25. Bxd5 Rxd5 26. g3 g5 27. fxg5 Rxf1+ 28.
Rxf1 Rxe5 {0-1 Rajkovic,D-Blagojevic,D/JUG-chT Tivat (09)/1995 (35)}) 22... Be7
23. Bg4 Nxf4 (23... Nc7 24. Nd6 Bd5 25. f5 exf5 26. Nxf5 Bc5 27. Bg5 {1/2-1/2
Sorkin,I-Wapner,J/ISR-chT (01)/1996}) 24. Bxf4 Bxe4 25. Bxe6+ Kh8 26. Be3 Bd3
27. Rxf8+ Rxf8 28. Bd7 g5 {Marin,M-O'Donnell,T/Novi Sad olm (13)/1990/1/2-1/2 
(61)}) (19. Bd2 $6 {Rogozenko} Bb7 20. e5 Rad8 21. Rad1 Rd4 $17) 19... Bd4 $2 {
Rogozenko: This blunder in a well known position is hard to explain. Obviosly
Shirov overlooked the threat g2-g4. Shirov understood the difficult nature of
black's defence when he saves the exposed Nh5, but did not expect such a
convincing endagame play from Piket. Shirov hat die Schwierigkeiten verstanden,
die mit der Rettung des exponierten Nh5 verbunden sind, aber er hat eine
derart überzeugende Endspieltechnik von Piket nicht erwartet.} (19... g5 20.
Be4 (20. f5 exf5 21. Bxg5 Be6 22. Rad1 Rf7 23. Nd5 Raa7 24. Nf6+ Nxf6 25. exf6
h6 26. Bxf5 Bxf5 27. Rxf5 Rad7 28. Rxd7 Rxd7 29. g4 hxg5 30. Rxg5+ Kf7 31. Rxc5
{1-0 Danner,G-Feher,G/Budapest Elekes (04)/1992 (45)}) (20. Ne4 Be7 (20... Bd4
21. Nxg5 Bxe5 22. Bxh7+ Kg7 23. Be4 Rb8 24. g3) 21. f5 exf5 (21... Rxf5 $6 22.
Rxf5 exf5 23. Bxg5 Bxg5 24. Nxg5 {/\ Rd1+/-}) 22. Bxg5 (22. Nxg5 Ng7 23. Be3
Ne6 24. Nxe6 Bxe6 25. Rf3 Rad8 26. Raf1 Rd5 {1-0 Anic,D-Payen,A/Cannes op (08)/
1990 (41)}) (22. Nxg5 $14 {Rogozenko Anic-Payen/Cannes/90.}) 22... Rf7 23. Bxe7
(23. Be3 $1 Bb7 (23... fxe4 24. Bxe4 Rxf1+ 25. Rxf1 Rb8 26. Bd5+ Kh8 27. Rf7 $1
Bb7 28. Bxb7 Rxb7 29. e6 Kg8 30. Bd4 Rc7 31. g4 Bd6 32. Rxc7 Bxc7 33. gxh5) 24.
Nc5 f4 $8 (24... Bxc5 25. Bxc5 Ng7 26. b3) 25. Bd4 $2 (25. Bd1 $1 Bxc5 26. Bxc5
Ng7 27. Bg4 h5 28. Be2 $16) 25... Bxc5 26. Bxc5 Re8 27. Rae1 {0-1 Chekhov,
V-Blagojevic,D/Pula 49/505 1990 (38)}) 23... Rxe7 24. Nd6 Rxe5 25. a4 Rb8 26.
axb5 axb5 27. Ra7 Ng7 28. g4 Be6 29. Nxf5 Nxf5 30. Bxf5 Bxf5 31. gxf5 {1/2-1/2
Lugovoi,A-Korneev,O/Novgorod op (03)/1995 (33)} (31. gxf5 {Lutz} Rbe8 32. f6
Kf8 33. Rxh7 {1/2-1/2 Lugovoi,A-Korneev,O/Novgorod op 1995})) 20... Ra7 21. f5
Bd4 22. Bxg5 Bxe5 23. Be3 Raf7 24. Bc5 Re8 25. Rae1 Bd7 {0-1 Groszpeter,
A-Hoelzl,F/Budapest Noviki-B/1987 (31)}) (19... g6 20. Ne4 Bd4 21. g4 Ng7 22.
Rd1 Rd8 23. Nf6+ Kf7 24. Be4 {/\ Be3}) 20. Be4 (20. g4 {Rogozenko}) 20... Ra7
21. g4 Nxf4 22. Rxf4 Raf7 23. Ne2 Bxb2 $2 (23... Bxe5 24. Rxf7 Rxf7 25. Kg2 Rd7
26. Rb1 Rd1 27. b3 $16) 24. Rxf7 Bxa1 25. Rxf8+ Kxf8 26. Ba3+ $1 (26. Bf4 a5
$132) 26... Kf7 27. Bd6 {Rogozenko: The position is totally hopeless for Black.
Besides the fact that White is a piese up, his bishops are very active and
Black`s pawn on the queenside cannot move.} g5 28. Kg2 h6 29. Kf3 a5 30. Ke3 $1
b4 31. Kd2 $1 {Suddenly is the Ba1 trapped in the corner. Plötzlich ist der
Ba1 in der Ecke gefangen.} b3 (31... Bd7 32. Kc2 Ba4+ 33. Kb1 $18) 32. a4 $1
Bd7 33. Nc3 Bxc3+ 34. Kxc3 Bxa4 35. Bc7 b2 36. Kxb2 Bd1 37. Bxa5 (37. h3 Be2
38. Bg2 a4 39. Bd6 $18) 37... Bxg4 38. Kc3 Be2 39. Kd4 Bf1 40. Bf3 Bd3 41. Bh5+
Bg6 (41... Kg7 42. Bb4 $18) 42. Be2 1-0

[Event "Leon"]
[Site "Leon"]
[Date "1995.??.??"]
[Round "6"]
[White "Morovic Fernandez, Ivan"]
[Black "Akopian, Vladimir Eduardovic"]
[Result "1/2-1/2"]
[WhiteElo "2575"]
[BlackElo "2655"]
[Annotator "Ftacnik,L"]
[PlyCount "165"]
[EventDate "1995.05.??"]
[EventType "tourn"]
[EventRounds "9"]
[EventCountry "ESP"]
[EventCategory "14"]
[SourceTitle "CBM 048"]
[Source "ChessBase"]
[SourceDate "1995.10.01"]
[SourceVersion "1"]
[SourceVersionDate "1995.10.01"]
[SourceQuality "1"]

1. d4 {Romero Holmes} d5 2. c4 c6 3. Nc3 Nf6 4. e3 e6 5. Nf3 Nbd7 6. Bd3 dxc4
7. Bxc4 b5 8. Bd3 Bb7 9. O-O a6 10. e4 c5 11. d5 c4 12. dxe6 fxe6 13. Bc2 Qc7
14. Ng5 Nc5 15. e5 Qxe5 16. Re1 Qd6 17. Qxd6 Bxd6 18. Be3 O-O 19. Rad1 Be7 20.
Bxc5 Bxc5 21. Nxe6 Rfc8 22. h3 (22. a3 $5 Bb6 $1 (22... Rab8 23. Nxc5 Rxc5 24.
Rd6 $14) 23. Nxg7 Ng4 (23... Bxg2 24. Nf5 Bf3 25. Ne7+ Kf7 26. Nxc8 Rxc8 27.
Rd6 $16) 24. Rf1 (24. Re2 Rf8 25. Nf5 Rae8 26. Red2 Re5 27. h3 Nxf2 28. Rxf2
Rexf5 29. Bxf5 Rxf5 30. Rdd2 Kg7 31. Kf1 Rxf2+ 32. Rxf2 Bxf2 33. Kxf2 Kf6 $10)
24... Rd8 $1 (24... Bxg2 $2 25. Kxg2 Kxg7 26. Bf5 $16) (24... Kxg7 $2 25. Rd7+
Kf8 26. Rxb7 $16) 25. Nf5 Rxd1 26. Bxd1 (26. Nxd1 Rd8 27. h3 Nxf2 $1 28. Nxf2
Rd2 $19) 26... Nxf2 $1 (26... Ne5 27. Be2 $16) 27. Rxf2 Rd8 28. Kf1 (28. Be2
Rd2) 28... Bxf2 29. Kxf2 Rd2+ 30. Be2 Rxb2 {Gelfand,B-Illescas Cordoba,M/Dos
Hermanas (03)/1995/0.5 (58)}) 22... Rab8 (22... Bb4 23. a3 Ba5 24. Nxg7 Bxg2
25. Kxg2 Kxg7 26. Re7+ Kf8 27. Re6 Kf7 28. Rdd6 Ne8 29. Rxa6 Bxc3 30. bxc3 Nc7
31. Rxa8 Rxa8 32. Rd6 $10 {Polak,T-Sergejev,R/Marijampole op (7)/1994/0.5 (37)}
) (22... Ba7 $2 23. Nxg7) 23. g4 (23. Nxc5 Rxc5 24. Re6 (24. Re7 b4 25. Ne2 Bd5
26. Nf4 Bf7 27. Rd6 Ra5 28. Bb1 c3 29. b3 Rc8 30. Re2 Nd5 31. Nxd5 Rxd5 32.
Rxd5 Bxd5 {0-1 Escobedo,TA-Pedersen,S/WchJ-U20 Matinhos 1994 (41)}) (24. a3 a5
$13) (24. Rd6 Rc6 $10) 24... b4 $5 (24... Rc6 25. Rxc6 Bxc6 26. Rd6 $14) (24...
Bc6 25. b4 $1 cxb3 26. Bxb3 $14) 25. Na4 (25. Ne2 $142 Ra5 $5 26. Bb1 Rd5 $140
$1 $13 27. Rxd5 Bxd5 28. Rxa6 $2 Re8 29. Kf1 c3 $17) 25... Rg5 26. g3 (26. g4
$2 Bf3 $1 {/\ h5}) 26... Rh5 $1 27. h4 Bf3 $5 (27... Rd5 $5 28. Nb6 $1 Rxd1+
29. Bxd1 $13) 28. Rd4 $1 Bd5 $1 (28... Rd5 $2 29. Rxc4) (28... Ra5 $6 29. Rxc4
Bd5 30. Re5 Rxa4 31. Rxd5 Rxa2 32. Bb3 Nxd5 33. Bxa2 b3 34. Bb1 $14) 29. Re1 (
29. Rxa6 Re8 $1 30. Rd1 Re2 {/\ Rhe5->}) 29... Bf7 $1 30. f4 {0.5/Kramnik,
V-Shirov,A/Novgorod/1994/} (30. f4 Rd5 $1 31. Red1 Re8 $15)) (23. a3 Ba7 $13)
23... Bf3 24. Rd2 b4 25. Na4 Ba7 26. g5 Nd5 27. g6 (27. Nd4 c3 28. bxc3 bxc3
29. Nxc3 Rxc3 30. Nxf3 Rxf3 31. Be4 Rg3+ 32. Kh2 Rxg5 33. Bxd5+ {0.5/Nikolic,
P-Bareev,E/Muenchen/1994/}) (27. Re5 Rb5 (27... Re8 28. Rf5 Rxe6 29. Rxf3 Re5
30. Rf5 $13) 28. Rf5 Nc7 $8 29. Nxg7 Bc6 $1 (29... Kxg7 30. Rd7+ Kh8 31. Rxf3
Rxg5+ 32. Kf1 Rg7 33. Rff7 $14) 30. Rd6 $1 (30. Nh5 $2 Rxf5 31. Bxf5 Rf8 32.
Nf6+ Rxf6 33. gxf6 Bxa4 $17) 30... Nd5 $1 31. Ne6 Ne7 32. Rxb5 Bxb5 33. h4 Ng6
34. h5 Ne5 35. g6 $1 $8 hxg6 36. hxg6 Nf3+ 37. Kh1 Bc6 38. Nac5 $10 {Topalov,
V-Lautier,J/Dos Hermanas/1994/0.5 (41)}) (27. Bd1 c3 $1 28. bxc3 Bxd1 $17) (27.
Be4 Bxe4 28. Rxe4 c3) 27... h6 (27... hxg6 $2 28. Ng5 c3 29. bxc3 bxc3 30. Rd3
$18) (27... c3 28. bxc3 bxc3 29. gxh7+ Kh8 30. Rd3 Nb4 31. Rxf3 Nxc2 32. Re4
$14) 28. b3 {[%csl Ga7,Gf3,Yd8,Ye8,Yf8,Yg8,Yh8] The first independent move in
a rapidly developing line. The defence with two B has lot of energy, but the
8th rank problem is serious enough.} (28. Nd4 c3 29. bxc3 (29. Rd3 $2 cxb2 30.
Nxb2 Bxd4 31. Bb3 Rc6 $1 $17) 29... bxc3 30. Rd3 $1 (30. Nxc3 Bxd4 31. Nxd5
Bxd5 32. Rxd4 Rxc2 33. Rxd5 Rc6 $10) 30... Nb4 31. Rxf3 Bxd4 32. Bf5 $1 Rc7 $8
33. a3 Nc6 $13 {Nikolic,P-Shirov,A/Horgen/1994/0-1 (44)}) 28... Re8 (28... Nc3
29. Rd7) (28... c3 29. Rd3 Rf8 30. Nxf8 Rxf8 31. Re5) 29. bxc4 Nf4 30. c5 $1 (
30. Bf5 Bc6 31. Nb2 b3 32. axb3 Rxb3 $132) (30. Rd7 Rb7 31. Rd8 Rbe7 32. Rxe8+
Rxe8 33. Bf5 Bc6 34. Kf1 Bg2+ 35. Kg1 Bxh3 $17) 30... Nxe6 (30... Bd5 31. Rxd5
Nxd5 32. Bb3 Nc3 33. Nc7+ Kf8 34. Rxe8+ Rxe8 35. Nxe8 Kxe8 36. a3 a5 37. Nxc3
bxc3 38. c6 Kd8 $10) 31. Bb3 Kf8 (31... Bc6 32. Bxe6+ Kf8 (32... Rxe6 33. Rxe6
Bxa4 34. Rxa6 Bxc5 35. Rxa4 $18) 33. Rd4 Re7 (33... Bxa4 34. Rf4+ Ke7 35. Rf7+
Kd8 36. Rxa7 $18)) 32. Bxe6 Rbd8 33. Rxd8 Rxd8 34. Nb6 Bc6 {[%csl Yc5,Yf2,Yg6]
Black hopes to benefit from many potential targets Pc5, g6 or f2. White has
some problems to make progress.} (34... Bxb6 35. cxb6 Rb8 36. Bd7 Bd5 37. Re2
$16) 35. Bb3 Re8 (35... Bxb6 36. cxb6 Rb8 37. Re6 Rxb6 38. Ba4 $18) 36. Rd1 Re4
37. Kf1 (37. Nd7+ $6 Ke7) 37... a5 38. Rd8+ Re8 39. Rd6 Bb5+ 40. Kg2 Bb8 41.
Nd7+ Ke7 (41... Bxd7 42. Rxd7 Re7 43. Rd5 $14) 42. Nxb8 Rxb8 {The counterplay
with b pawn will not be easy to meet.} 43. f4 a4 44. Be6 Be8 45. f5 b3 46. axb3
axb3 (46... a3 47. Ra6 Ra8 48. Rxa8 Bc6+ 49. Kg3 Bxa8 50. b4 $16) 47. Rb6 Rxb6
48. cxb6 b2 49. Ba2 Kd6 50. f6 {[%csl Gb6,Gg6] With two passed pawns white
still keeps a hefty advantage.} (50. Kg3 $1 {Romero Holmes} Kc6 51. Kf4 Kxb6
52. Ke5 Kc6 53. Bb1 Kd7 54. f6 $1 $18) 50... gxf6 (50... Bxg6 51. fxg7 Bh7 52.
b7 Kc7 53. Bb1 Bg8 54. Be4 $16) 51. g7 Bf7 52. b7 Kc7 53. b8=Q+ Kxb8 54. Bxf7
b1=Q 55. g8=Q+ Kc7 56. Qg3+ Kd7 57. Qg4+ Kd8 (57... Ke7 $2 58. Qe6+ Kd8 59.
Qxf6+ $18) 58. Qg8+ Kc7 59. Qg3+ Kd7 60. Qg4+ Kd8 61. Qd4+ Ke7 62. Bh5 Qa2+ 63.
Kg1 Qb1+ 64. Bd1 Qb8 65. Bg4 Qe5 66. Qd3 (66. Qxe5+ fxe5 67. Kf2 Kf6 68. Ke3
Kg7 $10) 66... Kf8 67. Bd1 h5 68. Kf1 h4 69. Bb3 Qf4+ 70. Ke2 Qh2+ 71. Kd1 Qg1+
72. Kc2 Qf2+ 73. Kb1 Qe1+ 74. Kc2 (74. Bd1 Qe5 $10) 74... Qf2+ 75. Kc1 Kg7 76.
Bc2 Qg1+ 77. Kb2 Qb6+ 78. Kc1 Qg1+ 79. Kb2 Qb6+ 80. Bb3 Qf2+ 81. Ka1 Qa7+ 82.
Kb2 Qf2+ 83. Kc1 1/2-1/2

[Event "Munich SKA"]
[Site "Munich"]
[Date "1994.05.23"]
[Round "3"]
[White "Nikolic, Predrag"]
[Black "Bareev, Evgeny"]
[Result "1/2-1/2"]
[WhiteElo "2625"]
[BlackElo "2685"]
[Annotator "Ftacnik,L"]
[PlyCount "65"]
[EventDate "1994.05.21"]
[EventType "tourn"]
[EventRounds "11"]
[EventCountry "GER"]
[EventCategory "16"]
[SourceTitle "CBM 042"]
[Source "ChessBase"]
[SourceDate "1994.10.01"]
[SourceVersion "1"]
[SourceVersionDate "1994.10.01"]
[SourceQuality "1"]

1. d4 d5 2. c4 c6 3. Nc3 Nf6 4. e3 e6 5. Nf3 Nbd7 6. Bd3 dxc4 7. Bxc4 b5 8. Bd3
Bb7 9. O-O a6 10. e4 c5 11. d5 Qc7 12. dxe6 fxe6 13. Bc2 c4 14. Ng5 Nc5 15. e5
Qxe5 16. Re1 Qd6 17. Qxd6 Bxd6 18. Be3 O-O 19. Rad1 Be7 20. Bxc5 Bxc5 21. Nxe6
Rfc8 22. h3 Rab8 $1 (22... Bf8 23. g4 h6 24. f4 Bf3 25. Rd2 Bc6 26. g5 $36 {
Karpov,An-Kramnik,V/Linares/1994/}) 23. g4 Bf3 24. Rd2 b4 25. Na4 Ba7 $1 (25...
Be7 26. Ng5 b3 27. Nxf3 Bb4 28. axb3 $16) 26. g5 (26. Nxg7 $2 Rd8 $1 27. Rxd8+
Rxd8 28. Nf5 Rd2 29. Ne3 Bc6 $17) 26... Nd5 27. Nd4 c3 28. bxc3 bxc3 29. Nxc3
Rxc3 30. Nxf3 Rxf3 31. Be4 Rg3+ 32. Kh2 Rxg5 33. Bxd5+ 1/2-1/2

[Event "Hoogovens"]
[Site "Wijk aan Zee"]
[Date "1996.01.25"]
[Round "10"]
[White "Timman, Jan H"]
[Black "Ivanchuk, Vassily"]
[Result "0-1"]
[WhiteElo "2620"]
[BlackElo "2735"]
[Annotator "Ftacnik,L"]
[PlyCount "84"]
[EventDate "1996.01.13"]
[EventType "tourn"]
[EventRounds "13"]
[EventCountry "NED"]
[EventCategory "17"]
[SourceTitle "CBM 051"]
[Source "ChessBase"]
[SourceDate "1996.04.01"]
[SourceVersion "1"]
[SourceVersionDate "1996.04.01"]
[SourceQuality "1"]

1. d4 d5 2. c4 c6 3. Nc3 Nf6 4. e3 e6 5. Nf3 Nbd7 6. Bd3 dxc4 7. Bxc4 b5 8. Bd3
Bb7 9. O-O a6 10. e4 c5 11. d5 Qc7 12. Qe2 (12. Bc2 Be7 13. dxe6 fxe6 14. Ng5
Qc6 15. Qf3 h6 16. Qh3 hxg5 17. Qxh8+ Kf7 18. Qh3 g4 19. Qh4 Ne5 20. f4 gxf3
21. gxf3 Ng6 $1 $15 {1-0 Lautier,J-Dreev,A/Linares/1995 (42)}) (12. dxe6 fxe6
13. Ng5 Qc6 14. Qe2 c4 15. Bc2 Bc5 16. b4 Bd4 17. Bb2 e5 18. Rad1 Rd8 19. a4
Nf8 20. axb5 axb5 21. Ra1 h6 22. Nf3 N8d7 {0-1 Velazco,E-Sieiro Gonzalez,L/
Buenos Aires VII Najdorf op (01) ;EXT 95op 1995 (35)}) (12. b3 Be7 13. Bg5 O-O
14. Re1 Ne5 15. Nxe5 Qxe5 16. Qd2 Nxd5 17. exd5 Qxg5 18. Qxg5 Bxg5 19. Ne4 Be7
20. d6 Bf6 21. Rac1 Bxe4 22. Bxe4 Rad8 23. Red1 Bd4 24. b4 Rxd6 25. bxc5 Bxc5
26. Rxd6 Bxd6 27. Rc6 {Dreev,A-Onischuk,A/Alushta4 (04)/1994/0-1 (62)}) 12...
Bd6 (12... e5 13. b3 Rc8 14. Nd1 c4 15. bxc4 bxc4 16. Bc2 Bd6 17. Nh4 g6 18.
Rb1 O-O 19. Bh6 Ne8 20. Ne3 Ndf6 21. Qf3 Rb8 22. Ba4 Be7 23. Nhf5 gxf5 24. Nxf5
Kh8 25. Nxe7 Qxe7 26. Bxf8 Qxf8 27. Qc3 Qe7 28. f4 {1-0 Bronstein,D-Tolush,A/
URS-ch20 Moscow/1952 (36)}) 13. Bg5 O-O 14. Bxf6 gxf6 {Ivanchuk tests the new
approach, his B pair can hopefully compensate for the inferior pawn structure.}
(14... Nxf6 $2 15. e5 $16) 15. Rad1 Ne5 $1 (15... Kh8 16. Bc2 Rg8) 16. Nxe5
Bxe5 17. f4 Bd4+ (17... Bxf4 $2 18. Qg4+ Bg5 19. h4 $16) 18. Kh1 Kh8 19. Bb1
Rg8 20. Qc2 f5 $1 21. Nxb5 $6 {Probably missing on a good option, since
black's pawn chain f7-e6-f5 is vulnerable.} (21. exf5 exd5 22. f6 Rg6 23. Nxb5
axb5 24. Rxd4 Qd6 25. Rd2 d4 $13) (21. Ne2 $1 Bf6 22. Ng3 $14) 21... axb5 22.
Rxd4 fxe4 23. Qc3 (23. d6 Qc6 24. Rd2 Rad8 25. Re1 $14) 23... Rg7 24. Bxe4 $6 (
24. d6 e3 25. Rg1 (25. dxc7 $4 Bxg2+ 26. Kg1 Be4#) 25... Qb6 26. Rd3 Be4 (26...
Bd5 27. Rxe3 Qxd6 28. Rg3 Rag8 29. Qf6 $16) 27. Rxe3 Bxb1 28. Rxb1 Qxd6 29. Rg3
Qd4 $10) 24... exd5 25. Bf3 (25. Bxd5 Qd6 $1 26. Bxb7 (26. Rd2 Bxd5 27. Rfd1
Bxg2+ $19) 26... cxd4) 25... Qb6 26. Rd2 d4 {Strong passed pawn promises good
chances for success, since white has no compensation in counter attack.} 27.
Qd3 Rd8 28. Bxb7 Qxb7 29. Re1 Rg6 30. h3 c4 31. Qe4 Qxe4 32. Rxe4 d3 33. Kg1
Re6 34. Rxe6 fxe6 35. Kf2 e5 $1 36. fxe5 $6 (36. f5 Kg7 37. Ke3 Kf6 38. g4 Rd4
$17) 36... Rd5 37. Ke1 b4 38. Rf2 c3 39. bxc3 bxc3 40. Rf8+ Kg7 41. Rc8 d2+ 42.
Kd1 Rd3 (42... Rd3 43. Rc7+ Kg6 44. e6 Re3 45. Kc2 Re1 $19) 0-1

[Event "Las Palmas"]
[Site "Las Palmas"]
[Date "1994.??.??"]
[Round "3"]
[White "Karpov, Anatoly"]
[Black "Morovic Fernandez, Ivan"]
[Result "1/2-1/2"]
[WhiteElo "2740"]
[BlackElo "2605"]
[Annotator "Ftacnik,L"]
[PlyCount "76"]
[EventDate "1994.05.??"]
[EventType "tourn"]
[EventRounds "9"]
[EventCountry "ESP"]
[EventCategory "17"]
[SourceTitle "CBM 042"]
[Source "ChessBase"]
[SourceDate "1994.10.01"]
[SourceVersion "1"]
[SourceVersionDate "1994.10.01"]
[SourceQuality "1"]

1. d4 d5 2. c4 c6 3. Nf3 Nf6 4. Nc3 e6 5. e3 Nbd7 6. Bd3 dxc4 7. Bxc4 b5 8. Bd3
a6 9. e4 c5 10. d5 c4 11. Bc2 Qc7 12. O-O Bc5 13. Qe2 e5 14. Bd2 $5 (14. Nd1
O-O 15. b3 Nb6 16. bxc4 Nxc4 17. Bd3 Bg4 $1 18. Bxc4 Bd4 19. Rb1 Qxc4 20. Qxc4
bxc4 21. Nxd4 exd4 22. f3 Bd7 23. Bf4 Rfc8 24. Nf2 {0,5-0,5/Gelfand,B-Morovic,
F/Dos Hermanas/1994/}) 14... O-O (14... b4 15. Na4 a5 16. Nxc5 Nxc5 17. Qxc4
Ba6 18. Ba4+ $1 Ke7 19. Bb5 $14) 15. a3 (15. b4 cxb3 16. Bxb3 Ba3 $13) 15...
Ne8 16. b4 Bd4 (16... cxb3 17. Bxb3 Nd6 18. Rfc1 Qb6 19. a4 $14) 17. a4 Rb8 18.
axb5 axb5 19. Ra5 (19. Ra3 $5) 19... Nd6 20. Rfa1 Bb6 (20... Bb7 21. Qe1 (21.
Nxd4 exd4 22. e5 dxc3 23. exd6 Qxd6 24. Bxc3 Qxd5 $17) 21... Ra8 22. Be3 Qb6
$13) 21. R5a3 Bb7 22. Be3 Ra8 23. Bxb6 Qxb6 24. Qe1 Rxa3 25. Rxa3 Ra8 26. Rxa8+
Bxa8 27. Qa1 (27. Qc1 Bb7 28. Kf1 $14) 27... Bb7 28. Kf1 f6 (28... Qa6 29. Qxa6
Bxa6 $10) 29. Bd1 Nb8 30. Ne1 Na6 (30... Qd4 $2 31. Qa5 Qxc3 32. Qd8+ Kf7 33.
Qxd6 $18) 31. Nc2 Bc8 32. Qc1 Bd7 33. Bh5 g6 34. Bf3 Kg7 35. Qd1 Qd8 36. Qa1 (
36. Bg4 f5 $5 $13) 36... Qb6 37. Qd1 Qd8 38. Qa1 Qb6 1/2-1/2

[Event "Hoogovens-B"]
[Site "Wijk aan Zee"]
[Date "1990.01.??"]
[Round "3"]
[White "Brenninkmeijer, Joris"]
[Black "Van der Sterren, Paul"]
[Result "1/2-1/2"]
[WhiteElo "2475"]
[BlackElo "2515"]
[Annotator "Ftacnik,L"]
[PlyCount "87"]
[EventDate "1990.01.??"]
[EventType "tourn"]
[EventRounds "11"]
[EventCountry "NED"]
[EventCategory "9"]
[SourceTitle "CBM 017"]
[Source "ChessBase"]
[SourceDate "1990.08.01"]
[SourceVersion "1"]
[SourceVersionDate "1990.08.01"]
[SourceQuality "1"]

1. d4 Nf6 2. c4 e6 3. Nf3 d5 4. Nc3 c6 5. e3 Nbd7 6. Bd3 dxc4 7. Bxc4 b5 8. Bd3
Bb7 9. O-O a6 10. e4 c5 11. d5 c4 12. Bc2 Bc5 13. dxe6 fxe6 14. e5 {N} (14. Qe2
O-O 15. Ng5 Qb6 16. e5 Qc6 17. Nce4 h6 18. exf6 hxg5 19. fxg7 Kxg7 20. Qg4 $40
{Chekhov,V-Raicevic,M/Kecskemet/1989/ -> TD 89/11}) 14... Bxf3 15. Qxf3 Nxe5
16. Qe2 Nd3 (16... Bd4 17. Rd1 {/\ Be3}) 17. Bg5 (17. Qxe6+ Qe7 18. Qc6+ Kf7
$132) 17... O-O 18. Rad1 (18. Qxe6+ Kh8 {x b2, f2}) 18... Qb6 19. Bxd3 cxd3 20.
Rxd3 Bd4 $10 21. Bxf6 Rxf6 22. Ne4 Rf4 23. Kh1 Rc8 24. f3 e5 25. Rdd1 Rf7 26.
Qd3 h6 27. Qb3 Rc4 28. f4 exf4 29. Nd2 Rcc7 30. Rxf4 Be5 31. Rf5 Rce7 32. Ne4
Qc7 33. Rdf1 Qc4 34. Qxc4 bxc4 35. Rxf7 Rxf7 36. Rxf7 Kxf7 37. Nc3 Ke6 38. Kg1
Kf5 39. Kf2 h5 40. h3 Bxc3 41. bxc3 Ke4 42. Ke2 a5 43. a4 g6 44. h4 {Ftacnik,L}
1/2-1/2

[Event "Sochi-B"]
[Site "Sochi"]
[Date "1989.??.??"]
[Round "?"]
[White "Tunik, Gennady"]
[Black "Sorokin, Maxim"]
[Result "0-1"]
[WhiteElo "2470"]
[BlackElo "2420"]
[Annotator "Ftacnik,L"]
[PlyCount "84"]
[EventDate "1989.10.??"]
[EventType "tourn"]
[EventRounds "11"]
[EventCountry "URS"]
[EventCategory "7"]
[SourceTitle "CBM 016"]
[Source "ChessBase"]
[SourceDate "1990.06.01"]
[SourceVersion "1"]
[SourceVersionDate "1990.06.01"]
[SourceQuality "1"]

1. d4 d5 2. Nf3 Nf6 3. c4 c6 4. Nc3 e6 5. e3 Nbd7 6. Bd3 dxc4 7. Bxc4 b5 8. Bd3
Bb7 9. O-O a6 10. e4 c5 11. d5 c4 12. dxe6 fxe6 13. Bc2 Qc7 14. Qe2 Bd6 15. Re1
Bc5 (15... Ne5 16. Ng5 Qe7 17. f4 Bc5+ 18. Kh1 Nd3 19. Bxd3 cxd3 20. Qxd3 Ng4
21. Nh3 O-O 22. Qg3 h5 $44 {Torre,E-Mikchailchishin,A/Baku/1980/}) 16. e5 Ng4
17. Ne4 Ngxe5 18. Nfg5 Bd5 19. Bf4 Bd4 20. Nc3 (20. Rad1 Qb6 (20... Bxb2 $5)
21. Nc3) 20... Qb6 21. Nxd5 exd5 22. Rad1 (22. Nf3 O-O $1 23. Nxd4 Qxd4 24.
Bxe5 Nxe5) 22... O-O-O 23. Rxd4 Qxd4 24. Ne6 Qxb2 25. Nxd8 Rxd8 26. Bxe5 Qxe5
27. Qxe5 Nxe5 28. Rxe5 d4 $132 29. Bf5+ Kc7 30. Kf1 d3 31. Ke1 g6 32. Be4 Kb6
33. Rd5 (33. Kd2 b4 34. Rd5 Rxd5 35. Bxd5 Kc5 36. Bg8 Kd4) 33... Rxd5 34. Bxd5
Kc5 35. Bg8 h6 36. f4 a5 37. Bh7 b4 38. Bxg6 a4 39. Kd2 a3 40. Kc1 Kd4 41. Bh5
b3 42. axb3 c3 {Ftacnik} 0-1